| 000 | 00363nam a2200133Ia 4500 | ||
|---|---|---|---|
| 008 | 210430s9999 xx 000 0 und d | ||
| 020 | _a0070538476 | ||
| 082 | _a669.9 R7881P | ||
| 100 |
_aRosenqvist Terkel _954808 |
||
| 245 |
_aPrinciples Of Extractive Metallurgy / _cRosenqvist Terkel |
||
| 260 |
_bMc Graw Hill _c1974 |
||
| 300 | _a546p. | ||
| 942 |
_cBK _2ddc |
||
| 999 |
_c565567 _d565567 |
||